| 000 | 00000nam##2200000za#4500 |
| 001 | 9.643883 |
| 003 | CaOODSP |
| 005 | 20210624224400 |
| 007 | cr ||||||||||| |
| 008 | 150407|2014||||xxc|||||o f|0| 0 fre|d |
| 020 | |a978-0-660-22718-4 |
| 040 | |aCaOODSP|bfre |
| 043 | |an-cn--- |
| 086 | 1 |aT29-117/2014F-PDF |
| 110 | 1 |aCanada.|bTransports Canada. |bSécurité maritime. |
| 245 | 10|aRapport sur la campagne d'inspection concentrée de 2013 sur la sécurité structurale des vraquiers des Grands Lacs |h[ressource électronique] |
| 250 | |aPremière édition |
| 260 | |aOttawa - Ontario : |bTransports Canada. |cAvril 2014. |
| 300 | |a10p.|btableau |
| 590 | |a15-13|b2015-03-27 |
| 691 | 07|aNavire commercial|2gcpds |
| 691 | 07|aSécurité nautique|2gcpds |
| 775 | 08|tReport on the 2013 concentrated inspection campaign on structural safety of Great Lakes bulk carriers |w(CaOODSP)9.699985 |
| 856 | 40|ahttp://publications.gc.ca|qPDF|s538 Ko|uhttps://publications.gc.ca/collections/collection_2015/tc/T29-117-2014-fra.pdf |
| 986 | |aTP 15267F (04/2014) |